000 00696nam a22002177a 4500
005 20170124110211.0
010 _a770211
020 _c20.00
035 _a770211
037 _bCen Lib/Ret
040 _aDPL
_bEN
082 _a238
_bSAR
100 _aSaraswati, Swami Dayananda
_938169
245 _aLight of truht or, an English translation of the Satyarth Prakash /
_cby Swami Dayananda Saraswati
260 _bSarvadeshik Arya Pratinidhi Sabha
_aNew Delhi
_c1975
270 _bNew Delhi
_aMaharshi Dayanand Bhawan, Ramlila Ground
_e110001
300 _avii,732p.
_c22cm(Hb)
650 _aArya-Samaj
_972167
650 _aHinduism
_972168
942 _2ddc
_cEN
_h238
_mSAR
999 _c133521
_d133521